000
00213 a2200097 4500
001
45498
100
_a
Drummond G
245
_a
English structure practice
260
_a
London
_b
Longman
_c
090
_c
28658
_d
28658
942
_a
NUST-CAE
_c
M
_c
20733
999
_c
280571
_d
280571